| 000 | 04240nam a22012734i 4500 | ||
|---|---|---|---|
| 003 | PE-LiUPU | ||
| 005 | 20250813185341.0 | ||
| 008 | 160308s2016 sp rb 000 0 spa d | ||
| 020 | _a9788491161998 | ||
| 035 | _a(Sirsi) i9788491161998 | ||
| 040 |
_aSPSFM _bspa _cSPSFM _dPE-LiUPU _erda |
||
| 049 | _aPRUA | ||
| 082 | 0 | 4 |
_a370.19 _bU15 2016 |
| 082 | 0 | 4 |
_a370.19 _bU15 _220 |
| 100 | 1 |
_aÚcar, Xavier, _eautor. |
|
| 245 | 1 | 0 |
_aPedagogías de lo social / _cXavier Úcar. |
| 250 | _aPrimera edición. | ||
| 264 | 1 |
_aBarcelona : _bEditorial UOC, _c2016. |
|
| 300 |
_a157 páginas ; _c21 centímetros. |
||
| 336 |
_atext _2rdacontent |
||
| 337 |
_aunmediated _2rdamedia |
||
| 338 |
_avolume _2rdacarrier |
||
| 490 | 1 |
_aPedagogía ; _v406 |
|
| 504 | _aBibliografía : página 149-157. | ||
| 505 | 0 | _aAprender a mirar de nuevo -- La colonización educativa de lo social -- La decantación de lo pedagógico -- De la ecuación pedagógica al puzle pedagógico -- Lo educativo a la búsqueda de lo social -- Sociedades negociadas, paradójicas, continuas y distribuidas -- Nuevas maneras de ser social: virtualidades cotidianas -- Preguntas importantes en educación -- La escuela como institución de lo común -- Aprender de nadie, aprender de todo: ¿el final de la pedagogía? -- Imposibilidades pedagógicas: la vuelta a lo informal -- Buceando en lo informal: pedagogía de los cambios de fase -- Más allá de lo formal: la búsqueda de gatillos pedagógicos -- El currículum distribuido -- Nuevos formatos, mecanismos y protagonistas -- Contenidos, lenguajes y servicios educativos globalizados -- Sobre etiquetas y fronteras -- Lo social buscándose a sí mismo: el punto de vista de las personas -- Creadores de caminos: arte, ciencia, técnica y tecnología -- Preguntas y respuestas en pedagogía social. | |
| 526 | _aP202 | ||
| 526 | _aP201 | ||
| 526 | _aP163 | ||
| 526 | _aP162 | ||
| 526 | _aP161 | ||
| 526 | _aP160 | ||
| 526 | _aP148 | ||
| 526 | _aP147 | ||
| 526 | _aP146 | ||
| 526 | _aP145 | ||
| 526 | _aP144 | ||
| 526 | _aP143 | ||
| 526 | _aP142 | ||
| 526 | _aP141 | ||
| 526 | _aP140 | ||
| 526 | _aP139 | ||
| 526 | _aP138 | ||
| 526 | _aP137 | ||
| 526 | _aP136 | ||
| 526 | _aP135 | ||
| 526 | _aP134 | ||
| 526 | _aP133 | ||
| 526 | _aP129 | ||
| 526 | _aP128 | ||
| 526 | _aP127 | ||
| 526 | _aP120 | ||
| 526 | _aP119 | ||
| 526 | _aP118 | ||
| 526 | _aP116 | ||
| 526 | _aP115 | ||
| 526 | _aP114 | ||
| 526 | _aP110 | ||
| 526 | _aP109 | ||
| 526 | _aP108 | ||
| 526 | _aP104 | ||
| 526 | _aP103 | ||
| 526 | _aP102 | ||
| 526 | _aP99 | ||
| 526 | _aP98 | ||
| 526 | _aP97 | ||
| 526 | _aP96 | ||
| 526 | _aP95 | ||
| 526 | _aP93 | ||
| 526 | _aP90 | ||
| 526 | _aP89 | ||
| 526 | _aP88 | ||
| 526 | _aP83 | ||
| 526 | _aP82 | ||
| 526 | _aP62 | ||
| 526 | _aP59 | ||
| 526 | _aP58 | ||
| 526 | _aP57 | ||
| 526 | _aP51 | ||
| 526 | _aP49 | ||
| 526 | _aP48 | ||
| 526 | _aP47 | ||
| 526 | _aP29 | ||
| 526 | _aP24 | ||
| 526 | _aP20 | ||
| 526 | _aP19 | ||
| 526 | _aP17 | ||
| 526 | _aP15 | ||
| 526 | _aP14 | ||
| 526 | _aP12 | ||
| 526 | _aP10 | ||
| 526 | _aP09 | ||
| 526 | _aP08 | ||
| 526 | _aP07 | ||
| 526 | _aP06 | ||
| 526 | _aP05 | ||
| 526 | _aP04 | ||
| 526 | _aP01 | ||
| 541 | _g001-003332; | ||
| 541 | _g0001-003607; | ||
| 650 | 0 | 4 | _aPedagogía social. |
| 910 |
_armch _btqv _cwelc _d20170213 |
||
| 910 |
_adbm _bjpc _cjpc _d20180711 |
||
| 942 |
_2ddc _cBOOK |
||
| 949 |
_a370.19 U15 2016 _wDEWEY _c1 _iFJ06756 _lCCODEBUJ1 _mBUJ _p30.48 _r0 _sY _tBOOK _u2017-02-13 _xFCE _PP04 _0COMPRA _o.STAFF. Colección General Juliaca |
||
| 994 |
_aC0 _bPEPRU |
||
| 596 | _a1 3 | ||
| 999 |
_a370.19 U15 2016 _wDEWEY _c15659 _iFJ06756 _f2022-1-18 _g3 _lCCODEBUJ1 _mBUJ _p30.48 _r0 _sY _tBOOK _u2017-2-13 _xEDUCACION _zALL _0COMPRA _o.STAFF. Colección General Juliaca _d15659 |
||
| 999 |
_a370.19 U15 _wDEWEY _c1 _i79025 _d2018-8-7 _e2018-8-7 _f2021-11-8 _g4 _lCCODEBUL1 _mBUL _n1 _p31.00 _r0 _sY _tBOOK _u2018-7-11 _xEDUCACION _zALL _0COMPRA _1FCOMPRA _o.STAFF. Colección Ciencias Humanas y Educación |
||
| 980 |
_81 _gALBERTO SANCHEZ Responsable de Automatización |
||